Quiz sulla città di Venezia - Statistics

Statistiche generali
  • Questo quiz è stato fatto 710 volte
  • Il punteggio medio è 16 su 28
Statistiche sulle risposte
Categoria Descrizione Risposta % Corretto
Geografia Regione italiana di Venezia Veneto
98%
Geografia Isola famosa per il vetro soffiato Murano
88%
Monumenti Piazza principale di Venezia Piazza {San} {Marco}
87%
Geografia Venezia è situata su questa frazione del Mediterraneo Adriatico
81%
Geografia Canale a forma di "S" che divide Venezia in due parti Canale Grande
79%
Veneziani famosi Compositore delle Quattro stagioni Antonio Vivaldi
78%
Veneziani famosi Esploratore che ha viaggiato in Cina Marco Polo
77%
Monumenti Ponte veneziano il più famoso, costruito verso il 1600 Rialto
76%
Cultura Embarcazione tipiche di Venezia Gondola
75%
Storia Repubblica maritima italiana e grande rivale di Venezia durante il medioevo Genova
74%
Storia Soprannome della Repubblica di Venezia La {Serenissima}
74%
Monumenti Ponte chiuso attraversato dai detenuti mentre andavano in prigione Ponte dei Sospiri
70%
Storia Titolo del reggente della Repubblica Doge
67%
Monumenti Teatro lirico distrutto due volte dalle fiamme La Fenice
67%
Cultura Prestigioso premio della Mostra di Venezia {Leone} d'oro
61%
Veneziani famosi Avventuriero veneziano il cui nome è diventato sinonimo di seduzione Giacomo Casanova
49%
Letteratura Opere di Shakespeare che si svolgono a Venezia Il {mercante} di Venezia
48%
Geografia Isola di 11 chilometri che separa questo mare dalla laguna di Venezia Lido
46%
Cultura Termine per il periodo d'inondazione di Venezia Acqua alta
44%
Geografia Venezia è sottodivisa in sei di queste zone Sestieri
40%
Veneziani famosi Pittore della scuola veneta nato in Cadore Tiziano
33%
Cultura Maschere veneziane della Commedia dell'arte Pantalone
32%
Storia Città bizantina saccheggiatta nel 1204 da crociati veneziani Constantinopoli
31%
Letteratura Novella di Thomas Mann La {morte} a Venezia
30%
Cultura Embarcazione tipiche di Venezia Vaporetto
28%
Cultura Maschere veneziane della Commedia dell'arte Colombina
26%
Letteratura Opere di Shakespeare che si svolgono a Venezia Othello
9%
Cultura Maschere veneziane della Commedia dell'arte Rosaura
4%
Nessun quiz corrispondente trovato
Distribuzione punteggi
Percentuale di utenti per punteggio
Percentile per numero di risposta
I tuoi punteggi nel tempo
Non hai fatto questo quiz